| 000 | 00485cam a2200205ua 4500 | ||
|---|---|---|---|
| 001 | 7528 | ||
| 005 | 20260515114226.0 | ||
| 008 | 141212n ii |||gr||||Z||||||ben | ||
| 040 | _cMAIN | ||
| 041 | _aben | ||
| 082 | _a891.443 | ||
| 100 |
_aSanyal, N., _eAuthor. |
||
| 245 | 1 |
_aDisneyland _cBy Narayan Sanyal |
|
| 250 | _a1st. | ||
| 260 |
_aCalcutta: _bDey, _c1990. |
||
| 300 | _a88p. | ||
| 653 | _aEast Indo-European & Celtic literatures | ||
| 653 | _aBengali novels | ||
| 942 | _cBK | ||
| 999 |
_c6646 _d6646 |
||